000 00545nam a22002177a 4500
003 UA-OsUOA
001 47725
007 ta
008 20070817b un ||||| |||| 00| 0 ukr d
090 _a821.161.2
_bВ85
942 _cBK
040 _aUA-OsUOA
_bukr
_cUA-OsUOA
_dUA-OsUOA
245 _aВсесвіт мого серця
300 _a158 с.
955 _a3
041 _aukr
080 _a821.161.2
260 _aОстрог
_c2007
650 7 _a82 Література. Літературознавство
_2UDC
999 _c333821
_d333821